TULANAMULAK PREKHYAPATAT RAJNAITIK PRAKRIYA ARU ANUSTHANSAMUH ( POLITICAL PROCESS AND INSTITUTIONS IN COMPARATIVE PERSPECTIVE) FOR 4TH Semester (Record no. 25328)
[ view plain ]
| 000 -LEADER | |
|---|---|
| fixed length control field | 00624nam a22001937a 4500 |
| 005 - DATE AND TIME OF LATEST TRANSACTION | |
| control field | 20220428151520.0 |
| 008 - FIXED-LENGTH DATA ELEMENTS--GENERAL INFORMATION | |
| fixed length control field | 220428b ||||| |||| 00| 0 eng d |
| 020 ## - INTERNATIONAL STANDARD BOOK NUMBER | |
| International Standard Book Number | 9789391060756 |
| 040 ## - CATALOGING SOURCE | |
| Transcribing agency | OCLC |
| 082 ## - DEWEY DECIMAL CLASSIFICATION NUMBER | |
| Edition number | DDC |
| Classification number | 320.3 |
| Item number | DAS |
| 100 ## - MAIN ENTRY--PERSONAL NAME | |
| Personal name | DAS, DR. DIPEN |
| Relator term | AUTHOR |
| 245 ## - TITLE STATEMENT | |
| Title | TULANAMULAK PREKHYAPATAT RAJNAITIK PRAKRIYA ARU ANUSTHANSAMUH ( POLITICAL PROCESS AND INSTITUTIONS IN COMPARATIVE PERSPECTIVE) FOR 4TH Semester |
| Medium | ASSAMESE |
| 250 ## - EDITION STATEMENT | |
| Edition statement | 1ST |
| 260 ## - PUBLICATION, DISTRIBUTION, ETC. | |
| Place of publication, distribution, etc. | DIBRUGARH |
| Name of publisher, distributor, etc. | BANALATA |
| Date of publication, distribution, etc. | 2021 |
| 300 ## - PHYSICAL DESCRIPTION | |
| Extent | 391p; |
| Dimensions | 20CM |
| 700 ## - ADDED ENTRY--PERSONAL NAME | |
| Personal name | SAIKIA, DR. DIPEN |
| Relator term | AUTHOR |
| 700 ## - ADDED ENTRY--PERSONAL NAME | |
| Personal name | DAS, BAIKUNTHA |
| Relator term | AUTHOR |
| 942 ## - ADDED ENTRY ELEMENTS (KOHA) | |
| Source of classification or shelving scheme | Dewey Decimal Classification |
| Koha item type | Books |
| Withdrawn status | Lost status | Source of classification or shelving scheme | Damaged status | Not for loan | Collection code | Home library | Current library | Shelving location | Date acquired | Source of acquisition | Total Checkouts | Full call number | Barcode | Date last seen | Date last checked out | Price effective from | Koha item type | Public note |
|---|---|---|---|---|---|---|---|---|---|---|---|---|---|---|---|---|---|---|
| Dewey Decimal Classification | TBPSC | Central Library and Information Centre Sibsagar Girls College | Central Library and Information Centre Sibsagar Girls College | POLITICAL SC BOOK RACK | 20.04.2022 | BY BILL | 7 | 320.3 DAS | 48573 | 06.06.2023 | 27.03.2023 | 28.04.2022 | Books | V | ||||
| Dewey Decimal Classification | TBPSC | Central Library and Information Centre Sibsagar Girls College | Central Library and Information Centre Sibsagar Girls College | POLITICAL SC BOOK RACK | 20.04.2022 | BY BILL | 8 | 320.3 DAS | 48574 | 29.05.2023 | 02.05.2023 | 28.04.2022 | Books | V | ||||
| Dewey Decimal Classification | TBPSC | Central Library and Information Centre Sibsagar Girls College | Central Library and Information Centre Sibsagar Girls College | POLITICAL SC BOOK RACK | 20.04.2022 | BY BILL | 18 | 320.3 DAS | 48575 | 25.11.2025 | 24.09.2025 | 28.04.2022 | Books | V | ||||
| Dewey Decimal Classification | TBPSC | Central Library and Information Centre Sibsagar Girls College | Central Library and Information Centre Sibsagar Girls College | POLITICAL SC BOOK RACK | 20.04.2022 | BY BILL | 19 | 320.3 DAS | 48576 | 22.10.2025 | 07.10.2025 | 28.04.2022 | Books | V | ||||
| Dewey Decimal Classification | TBPSC | Central Library and Information Centre Sibsagar Girls College | Central Library and Information Centre Sibsagar Girls College | POLITICAL SC BOOK RACK | 20.04.2022 | BY BILL | 6 | 320.3 DAS | 48577 | 29.05.2023 | 10.04.2023 | 28.04.2022 | Books | V |